[Event "Sharjah Challengers 6th"]
[Site "Sharjah"]
[Date "2023.05.24"]
[Round "8"]
[White "Sibashvili, Giorgi"]
[Black "Ohanyan, Emin"]
[Result "0-1"]
[WhiteElo "2408"]
[BlackElo "2444"]
[PlyCount "80"]
[EventDate "2023.05.17"]
[EventType "swiss"]
[EventRounds "9"]
[EventCountry "UAE"]
[SourceTitle "CBM 214 Extra"]
[Source "ChessBase"]
[SourceDate "2023.07.31"]
[SourceVersion "1"]
[SourceVersionDate "2023.07.31"]
[SourceQuality "1"]

1. b3 e5 2. Bb2 Nc6 3. c4 Nge7 4. e3 d5 5. cxd5 Nxd5 6. a3 Bd6 7. d3 0-0 8. Nf3 f5 9. Nbd2 b5 10. b4 Kh8 11. d4 e4 12. Ne5 Bxe5 13. dxe5 f4 14. Nxe4 Bf5 15. Qc2 fxe3 16. f3 Nf4 17. Rd1 Qh4+ 18. g3 Qh5 19. Be2 Nxe2 20. Kxe2 Bg6 21. Rdf1 Nxe5 22. g4 Qh3 23. Bxe5 Qg2+ 24. Kd1 Rad8+ 25. Kc1 Qxc2+ 26. Kxc2 Rxf3 27. Rxf3 Bxe4+ 28. Kb2 Bxf3 29. Rc1 e2 30. Bg3 Bxg4 31. Rxc7 a6 32. Ra7 h5 33. Kc3 Rd1 34. Re7 g5 35. h3 Bf3 36. Re3 Rg1 37. Bf2 Rf1 38. Bg3 h4 39. Be5+ Kh7 40. Kd2 Rd1+ 0-1

[Event "EU Universities Rapid"]
[Site "Lodz"]
[Date "2022.07.17"]
[Round "6.4"]
[White "Eren, Ataberk"]
[Black "Sibashvili, Giorgi"]
[Result "0-1"]
[WhiteElo "2204"]
[BlackElo "2408"]
[PlyCount "112"]
[EventDate "2022.07.16"]
[EventType "team-swiss (rapid)"]
[EventRounds "9"]
[EventCountry "POL"]
[SourceTitle "CBM 209 Extra"]
[Source "ChessBase"]
[SourceDate "2022.09.30"]
[SourceVersion "1"]
[SourceVersionDate "2022.09.30"]
[SourceQuality "1"]
[WhiteTeam "Ozyegin Univ"]
[BlackTeam "Georgian Teaching Univ"]
[WhiteTeamCountry "TUR"]
[BlackTeamCountry "GEO"]

1. d4 c5 2. d5 Nf6 3. c4 g6 4. Nc3 Bg7 5. e4 0-0 6. Nf3 e6 7. Be2 exd5 8. exd5 Re8 9. 0-0 d6 10. Re1 Bg4 11. h3 Bxf3 12. Bxf3 Rxe1+ 13. Qxe1 Nfd7 14. Be3 Na6 15. Qd2 Qb6 16. Nb5 Nc7 17. a4 a5 18. Re1 Nxb5 19. axb5 Ne5 20. Be2 Qc7 21. f4 Nd7 22. Kh2 Re8 23. Bf3 b6 24. b3 Qd8 25. Bf2 Kf8 26. Rxe8+ Qxe8 27. g4 Qe7 28. h4 Qf6 29. g5 Qb2 30. Qxb2 Bxb2 31. h5 f5 32. gxf6 Nxf6 33. hxg6 hxg6 34. Kh3 Bc1 35. Bg3 Ke7 36. Kh4 Nh7 37. Kg4 g5 38. fxg5 Nxg5 39. Bg2 Nf7 40. Bh4+ Kd7 41. Kf5 Ne5 42. Kf6 Bf4 43. Bh3+ Kc7 44. Ke6 Nf3 45. Bf6 Nd2 46. Ke7 Nxb3 47. Ke8 a4 48. Bd8+ Kb7 49. Bd7 Na5 50. Bc6+ Nxc6 51. dxc6+ Kc8 52. Bxb6 a3 53. Ba5 a2 54. Bc3 Be5 55. b6 Bxc3 56. b7+ Kc7 0-1

[Event "EU Universities Rapid"]
[Site "Lodz"]
[Date "2022.07.17"]
[Round "4.2"]
[White "Sibashvili, Giorgi"]
[Black "Molenda, Marcin"]
[Result "0-1"]
[WhiteElo "2408"]
[BlackElo "2374"]
[PlyCount "114"]
[EventDate "2022.07.16"]
[EventType "team-swiss (rapid)"]
[EventRounds "9"]
[EventCountry "POL"]
[SourceTitle "CBM 209 Extra"]
[Source "ChessBase"]
[SourceDate "2022.09.30"]
[SourceVersion "1"]
[SourceVersionDate "2022.09.30"]
[SourceQuality "1"]
[WhiteTeam "Georgian Teaching Univ"]
[BlackTeam "Kozminski Univ"]
[WhiteTeamCountry "GEO"]
[BlackTeamCountry "POL"]

1. d4 Nf6 2. c4 e6 3. Nc3 d5 4. cxd5 exd5 5. Bg5 c6 6. e3 Be7 7. Bd3 Nbd7 8. Nge2 h6 9. Bh4 Nh5 10. Bxe7 Qxe7 11. Qc2 Nb6 12. h3 Be6 13. 0-0-0 0-0-0 14. g4 Nf6 15. Ng3 Kb8 16. Nf5 Qf8 17. Qe2 Ne8 18. h4 Nd6 19. h5 Ka8 20. b3 Rc8 21. Kb1 Bxf5 22. gxf5 c5 23. dxc5 Rxc5 24. Qb2 Qe7 25. Ne2 Ne4 26. Qxg7 Rhc8 27. Rhf1 Nc3+ 28. Nxc3 Rxc3 29. Rc1 Rxd3 30. Rxc8+ Nxc8 31. Rc1 Qd8 32. Qb2 d4 33. exd4 Nb6 34. a4 a5 35. Rc5 Qxd4 36. Qxd4 Rxd4 37. Rxa5+ Kb8 38. Re5 Rf4 39. a5 Nc8 40. Kc2 Nd6 41. Kd3 Rxf5 42. Kd4 Rxe5 43. Kxe5 Ne8 44. b4 Kc7 45. b5 Kd7 46. f3 Kc7 47. Kf5 Kd6 48. a6 bxa6 49. bxa6 Kc6 50. Ke5 Kb6 51. Kd5 Nf6+ 52. Kd6 Nxh5 53. Ke7 Nf4 54. Kf6 Kxa6 55. Kf5 Ne6 56. Kf6 h5 57. Kxf7 Nf4 0-1

[Event "Marmaris Karya 14th"]
[Site "Marmaris"]
[Date "2022.02.03"]
[Round "5.4"]
[White "Gunduz, Umut Erdem"]
[Black "Sibashvili, Giorgi"]
[Result "0-1"]
[WhiteElo "2258"]
[BlackElo "2399"]
[PlyCount "94"]
[EventDate "2022.02.01"]
[EventType "schev"]
[EventRounds "10"]
[EventCountry "TUR"]
[SourceTitle "CBM 206 Extra"]
[Source "ChessBase"]
[SourceDate "2022.03.31"]
[SourceVersion "1"]
[SourceVersionDate "2022.03.31"]
[SourceQuality "1"]
[WhiteTeam "Black Team"]
[BlackTeam "White Team"]
[WhiteTeamCountry "TUR"]
[BlackTeamCountry "AZE"]

1. e4 c5 2. Nf3 Nc6 3. d4 cxd4 4. Nxd4 Nf6 5. Nc3 e6 6. Ndb5 Bb4 7. a3 Bxc3+ 8. Nxc3 d5 9. exd5 exd5 10. Bd3 0-0 11. 0-0 d4 12. Ne2 Bg4 13. f3 Bh5 14. Nf4 Bg6 15. Nxg6 hxg6 16. f4 Qb6 17. Qf3 Rfe8 18. Bd2 Re3 19. Bxe3 dxe3 20. Kh1 Re8 21. Rae1 Nd4 22. Qd1 a6 23. c3 Nb3 24. Rf3 Nd2 25. Rh3 Re6 26. Qe2 Nd5 27. Qg4 f5 28. Qh4 Kf7 29. Bb1 Nxb1 30. Rxb1 Nxc3 31. Re1 Nd5 32. Rf3 Qxb2 33. Qd8 Qd2 34. Rff1 Re8 35. Qd6 e2 36. Rg1 Re6 37. Qd8 Re7 38. Qd6 Qd3 39. h3 a5 40. a4 Nb4 41. Qc5 Qe4 42. Qxa5 Nd3 43. Qd2 Nxf4 44. Qa2+ Re6 45. Rc1 Nd3 46. Rc7+ Kf6 47. Qa1+ Qe5 0-1

[Event "Marmaris Karya 14th"]
[Site "Marmaris"]
[Date "2022.02.01"]
[Round "1.3"]
[White "Ozsakallioglu, Okan"]
[Black "Sibashvili, Giorgi"]
[Result "1/2-1/2"]
[WhiteElo "2270"]
[BlackElo "2399"]
[PlyCount "128"]
[EventDate "2022.02.01"]
[EventType "schev"]
[EventRounds "10"]
[EventCountry "TUR"]
[SourceTitle "CBM 206 Extra"]
[Source "ChessBase"]
[SourceDate "2022.03.31"]
[SourceVersion "1"]
[SourceVersionDate "2022.03.31"]
[SourceQuality "1"]
[WhiteTeam "Black Team"]
[BlackTeam "White Team"]
[WhiteTeamCountry "TUR"]
[BlackTeamCountry "AZE"]

1. e4 e5 2. Nf3 Nc6 3. Nc3 Nf6 4. a3 d5 5. exd5 Nxd5 6. Bb5 Nxc3 7. bxc3 Bd6 8. d4 exd4 9. cxd4 0-0 10. 0-0 Bg4 11. c3 Qf6 12. h3 Bxf3 13. Qxf3 Qxf3 14. gxf3 Ne7 15. Bd3 Ng6 16. Rb1 b6 17. Rb5 Rad8 18. a4 c6 19. Rb3 c5 20. Be3 cxd4 21. cxd4 Nh4 22. Be4 Be7 23. Rd1 f5 24. Bb7 Rd7 25. Bc6 Rd6 26. Rc3 Rfd8 27. f4 Bf6 28. Rc4 Ng6 29. Bb5 Ne7 30. Rc7 a5 31. Rdc1 Kf8 32. Rb7 Nd5 33. Bd3 g6 34. Bb5 h6 35. Kg2 g5 36. Rc4 Re6 37. Bc1 Nxf4+ 38. Bxf4 gxf4 39. Rcc7 Re7 40. Rxe7 Bxe7 41. Bd7 Bf6 42. d5 Ke7 43. Bb5+ Kf8 44. Rxb6 Bd4 45. Rxh6 Rxd5 46. Kf3 Bc5 47. Rc6 Bb4 48. Kxf4 Bd2+ 49. Kf3 Kg7 50. Bc4 Rd4 51. Ke2 Bb4 52. Bd3 Be7 53. Bc2 Rh4 54. Ra6 Rxh3 55. Bxf5 Rh2 56. Rg6+ Kf7 57. Rg3 Bc5 58. Rf3 Ke7 59. Bd3 Kd6 60. Rf5 Rh4 61. Bb5 Rb4 62. Kd3 Rb3+ 63. Kc2 Ra3 64. f3 Bd4 1/2-1/2

[Event "Marmaris Karya 13th"]
[Site "Marmaris"]
[Date "2022.01.30"]
[Round "7.1"]
[White "Sibashvili, Giorgi"]
[Black "Karadag, Eflatun Cem"]
[Result "1-0"]
[WhiteElo "2398"]
[BlackElo "1827"]
[PlyCount "71"]
[EventDate "2022.01.27"]
[EventType "schev"]
[EventRounds "10"]
[EventCountry "TUR"]
[SourceTitle "CBM 206 Extra"]
[Source "ChessBase"]
[SourceDate "2022.03.31"]
[SourceVersion "1"]
[SourceVersionDate "2022.03.31"]
[SourceQuality "1"]
[WhiteTeam "Red Team"]
[BlackTeam "White"]
[WhiteTeamCountry "TUR"]
[BlackTeamCountry "UAE"]

1. e4 e5 2. Nf3 Nc6 3. d4 exd4 4. Bc4 Nf6 5. e5 d5 6. Bb5 Ne4 7. Nxd4 Bd7 8. Bxc6 bxc6 9. 0-0 Bc5 10. f3 Ng5 11. Be3 Bb6 12. f4 Ne4 13. Nd2 Nxd2 14. Qxd2 0-0 15. Nb3 f6 16. a4 fxe5 17. fxe5 Qg5 18. Rxf8+ Rxf8 19. Re1 Bf5 20. a5 Bxe3+ 21. Qxe3 Qxe3+ 22. Rxe3 Bxc2 23. Nd4 Be4 24. Nxc6 Kf7 25. a6 Ke6 26. b4 Ra8 27. b5 Bg6 28. Nd4+ Kd7 29. Rc3 Bf7 30. Kf2 Rb8 31. Rc5 Rb6 32. Nc6 Ke6 33. Nd8+ Ke7 34. Nxf7 Kxf7 35. Rxc7+ Ke6 36. Rb7 1-0

[Event "Marmaris Karya IM 8th"]
[Site "Marmaris"]
[Date "2019.08.02"]
[Round "9.5"]
[White "Caputcuoglu, Zeki Berke"]
[Black "Sibashvili, Giorgi"]
[Result "1/2-1/2"]
[WhiteElo "2010"]
[BlackElo "2389"]
[PlyCount "55"]
[EventDate "2019.07.29"]
[EventType "schev"]
[EventRounds "10"]
[EventCountry "TUR"]
[SourceTitle "CBM 191 Extra"]
[Source "ChessBase"]
[SourceDate "2019.09.30"]
[SourceVersion "1"]
[SourceVersionDate "2019.09.30"]
[SourceQuality "1"]
[WhiteTeam "Blue Team"]
[BlackTeam "Turkuaz"]
[WhiteTeamCountry "TUR"]
[BlackTeamCountry "TUR"]

1. Nf3 d5 2. d4 Nf6 3. c4 e6 4. Nc3 c6 5. e3 Nbd7 6. Qc2 Bd6 7. Be2 0-0 8. 0-0 dxc4 9. Bxc4 e5 10. Bb3 Qe7 11. h3 Bb8 12. Rd1 h6 13. Nh4 Rd8 14. Nf5 Qe8 15. Ne4 Nxe4 16. Qxe4 Nf6 17. Nxh6+ Kf8 18. Qh4 Be6 19. e4 Rxd4 20. Bg5 Ng8 21. Nf5 Bxf5 22. Rxd4 exd4 23. exf5 Qe5 24. Bf4 Qf6 25. Bg5 Qe5 26. Bf4 Qf6 27. Bg5 Qe5 28. Bf4 1/2-1/2

[Event "Marmaris Karya IM 8th"]
[Site "Marmaris"]
[Date "2019.07.30"]
[Round "4.5"]
[White "Sibashvili, Giorgi"]
[Black "Caputcuoglu, Zeki Berke"]
[Result "1-0"]
[WhiteElo "2389"]
[BlackElo "2010"]
[PlyCount "71"]
[EventDate "2019.07.29"]
[EventType "schev"]
[EventRounds "10"]
[EventCountry "TUR"]
[SourceTitle "CBM 191 Extra"]
[Source "ChessBase"]
[SourceDate "2019.09.30"]
[SourceVersion "1"]
[SourceVersionDate "2019.09.30"]
[SourceQuality "1"]
[WhiteTeam "Turkuaz"]
[BlackTeam "Blue Team"]
[WhiteTeamCountry "TUR"]
[BlackTeamCountry "TUR"]

1. d4 Nf6 2. c4 g6 3. Nf3 Bg7 4. g3 0-0 5. Bg2 d6 6. 0-0 c6 7. Nc3 Qa5 8. h3 e5 9. e4 Nbd7 10. Be3 exd4 11. Nxd4 Nb6 12. Nb3 Qh5 13. Qxh5 Nxh5 14. Na5 Be6 15. c5 Nc4 16. Nxc4 Bxc4 17. Rfd1 dxc5 18. g4 Nf6 19. Bxc5 Rfd8 20. f4 Ne8 21. Be7 Rd4 22. Kf2 Nc7 23. Ke3 Rxd1 24. Rxd1 Bxc3 25. bxc3 Bxa2 26. Rd7 Rc8 27. f5 b6 28. Bf1 a5 29. Bd8 Nb5 30. Bxb6 a4 31. c4 Na3 32. Kd4 Bb3 33. Kc3 Ra8 34. Bd3 Rb8 35. Ba7 Ra8 36. Bc5 1-0

[Event "Marmaris Karya IM 8th"]
[Site "Marmaris"]
[Date "2019.07.29"]
[Round "1.3"]
[White "Karaoglan, Doruk"]
[Black "Sibashvili, Giorgi"]
[Result "0-1"]
[WhiteElo "2278"]
[BlackElo "2389"]
[PlyCount "50"]
[EventDate "2019.07.29"]
[EventType "schev"]
[EventRounds "10"]
[EventCountry "TUR"]
[SourceTitle "CBM 191 Extra"]
[Source "ChessBase"]
[SourceDate "2019.09.30"]
[SourceVersion "1"]
[SourceVersionDate "2019.09.30"]
[SourceQuality "1"]
[WhiteTeam "Blue Team"]
[BlackTeam "Turkuaz"]
[WhiteTeamCountry "TUR"]
[BlackTeamCountry "TUR"]

1. e4 e5 2. Nf3 Nc6 3. Bc4 Bc5 4. c3 Nf6 5. d3 0-0 6. Bb3 d5 7. Qe2 dxe4 8. dxe4 Qe7 9. h3 Nh5 10. g4 Nf4 11. Bxf4 exf4 12. Nbd2 a5 13. Rg1 a4 14. Bc2 Re8 15. Kf1 b6 16. Re1 Ne5 17. Nxe5 Qxe5 18. Nf3 Qe6 19. Kg2 Ba6 20. Qd2 Rad8 21. Qxf4 Qxa2 22. Rb1 a3 23. Qxc7 axb2 24. Rgd1 Rxd1 25. Rxd1 b1Q 0-1

[Event "Marmaris Karya IM 8th"]
[Site "Marmaris"]
[Date "2019.07.29"]
[Round "2.2"]
[White "Sibashvili, Giorgi"]
[Black "Abdulla, Khayala Mardan Qizi"]
[Result "0-1"]
[WhiteElo "2389"]
[BlackElo "2283"]
[PlyCount "68"]
[EventDate "2019.07.29"]
[EventType "schev"]
[EventRounds "10"]
[EventCountry "TUR"]
[SourceTitle "CBM 191 Extra"]
[Source "ChessBase"]
[SourceDate "2019.09.30"]
[SourceVersion "1"]
[SourceVersionDate "2019.09.30"]
[SourceQuality "1"]
[WhiteTeam "Turkuaz"]
[BlackTeam "Blue Team"]
[WhiteTeamCountry "TUR"]
[BlackTeamCountry "TUR"]

1. d4 Nf6 2. c4 c5 3. d5 b5 4. cxb5 a6 5. bxa6 e6 6. Nc3 exd5 7. Nxd5 Be7 8. Nxe7 Qxe7 9. Nf3 Bxa6 10. Bf4 d5 11. Qa4+ Nbd7 12. e3 c4 13. Be2 0-0 14. 0-0 Nc5 15. Qc2 Nfe4 16. Nd4 Nd3 17. Bxd3 cxd3 18. Qc6 Bc4 19. Nf5 Qe6 20. Qxe6 fxe6 21. Nd4 d2 22. Rfd1 e5 23. Bxe5 Rxf2 24. Bg3 Rf7 25. b3 Bd3 26. a4 Raf8 27. Nf3 Be2 28. a5 Bxd1 29. Rxd1 Rc8 30. Kf1 Rc3 31. Ke2 Rxb3 32. Nxd2 Rb2 33. Kd3 Nxd2 34. Rxd2 Rxd2+ 0-1

[Event "Batumi Municipality Cup"]
[Site "Batumi"]
[Date "2019.07.09"]
[Round "8"]
[White "Sibashvili, Giorgi"]
[Black "Yeritsyan, Hayk"]
[Result "1/2-1/2"]
[WhiteElo "2389"]
[BlackElo "2210"]
[PlyCount "46"]
[EventDate "2019.07.02"]
[EventType "swiss"]
[EventRounds "9"]
[EventCountry "GEO"]
[SourceTitle "CBM 191 Extra"]
[Source "ChessBase"]
[SourceDate "2019.09.30"]
[SourceVersion "1"]
[SourceVersionDate "2019.09.30"]
[SourceQuality "1"]

1. d4 d5 2. c4 e6 3. Nf3 Nf6 4. g3 Be7 5. Bg2 0-0 6. 0-0 dxc4 7. Ne5 Nc6 8. Bxc6 bxc6 9. Nxc6 Qe8 10. Nxe7+ Qxe7 11. Na3 c5 12. dxc5 Qxc5 13. Be3 Qh5 14. f3 c3 15. bxc3 Qa5 16. Qc1 Ba6 17. c4 Rac8 18. Re1 Rfd8 19. Bxa7 Bxc4 20. Nxc4 Qxa7+ 21. Qe3 Qa6 22. Nb6 Rc6 23. Red1 Rdd6 1/2-1/2

[Event "Batumi Municipality Cup"]
[Site "Batumi"]
[Date "2019.07.08"]
[Round "7"]
[White "Nigalidze, Gaioz"]
[Black "Sibashvili, Giorgi"]
[Result "1/2-1/2"]
[WhiteElo "2563"]
[BlackElo "2389"]
[PlyCount "93"]
[EventDate "2019.07.02"]
[EventType "swiss"]
[EventRounds "9"]
[EventCountry "GEO"]
[SourceTitle "CBM 191 Extra"]
[Source "ChessBase"]
[SourceDate "2019.09.30"]
[SourceVersion "1"]
[SourceVersionDate "2019.09.30"]
[SourceQuality "1"]

1. Nf3 d5 2. g3 Bg4 3. Bg2 c6 4. 0-0 e6 5. d3 Bd6 6. Nbd2 Nd7 7. e4 Ne7 8. d4 0-0 9. h3 Bh5 10. Qe2 c5 11. exd5 exd5 12. dxc5 Nxc5 13. Nb3 Re8 14. Nbd4 Nc6 15. Qd1 Ne4 16. c3 Nxd4 17. cxd4 Bxf3 18. Qxf3 Qb6 19. Qd3 Rac8 20. Be3 Qxb2 21. Rfb1 Qc2 22. Qxc2 Rxc2 23. Rxb7 h5 24. Bf3 Nc3 25. Bxh5 g6 26. Bf3 Bxg3 27. Rxa7 f5 28. Ra6 f4 29. Rxg6+ Kh7 30. Rg4 fxe3 31. fxg3 Rf2 32. Rf4 Rg8 33. Rh4+ Kg7 34. Rg4+ Kh7 35. Rh4+ Kg7 36. Rg4+ Kh7 37. Rxg8 Kxg8 38. Rf1 Rxa2 39. Re1 e2 40. Kf2 Nd1+ 41. Kg2 Nc3 42. Bg4 Kf7 43. Kf3 Rd2 44. Ke3 Rd1 45. Kf2 Kf6 46. Bf3 Kg5 47. h4+ 1/2-1/2

[Event "Batumi Municipality Cup"]
[Site "Batumi"]
[Date "2019.07.03"]
[Round "2"]
[White "Sibashvili, Giorgi"]
[Black "Babazada, Khazar Araz"]
[Result "1/2-1/2"]
[WhiteElo "2389"]
[BlackElo "2247"]
[PlyCount "51"]
[EventDate "2019.07.02"]
[EventType "swiss"]
[EventRounds "9"]
[EventCountry "GEO"]
[SourceTitle "CBM 191 Extra"]
[Source "ChessBase"]
[SourceDate "2019.09.30"]
[SourceVersion "1"]
[SourceVersionDate "2019.09.30"]
[SourceQuality "1"]

1. Nf3 Nf6 2. c4 g6 3. Nc3 d5 4. cxd5 Nxd5 5. Qb3 Nb6 6. d4 Bg7 7. Bf4 0-0 8. Rd1 c6 9. e4 Bg4 10. Be2 N8d7 11. 0-0 Bxf3 12. Bxf3 e5 13. dxe5 Qe7 14. a4 Nxe5 15. Be2 Rad8 16. Be3 g5 17. a5 Nc8 18. Rxd8 Rxd8 19. Rd1 Rxd1+ 20. Qxd1 h6 21. h3 Kh7 22. Bg4 Nxg4 23. Qxg4 Qe6 24. Qd1 Nd6 25. Bxa7 Nxe4 26. Nxe4 1/2-1/2

[Event "Mentese"]
[Site "Mentese"]
[Date "2019.06.28"]
[Round "10.4"]
[White "Odeev, Handszar"]
[Black "Sibashvili, Giorgi"]
[Result "0-1"]
[WhiteElo "2386"]
[BlackElo "2368"]
[PlyCount "96"]
[EventDate "2019.06.24"]
[EventType "schev"]
[EventRounds "10"]
[EventCountry "TUR"]
[SourceTitle "CBM 191 Extra"]
[Source "ChessBase"]
[SourceDate "2019.09.30"]
[SourceVersion "1"]
[SourceVersionDate "2019.09.30"]
[SourceQuality "1"]
[WhiteTeam "Red Team"]
[BlackTeam "Blue Team"]
[WhiteTeamCountry "TUR"]
[BlackTeamCountry "TUR"]

1. c4 Nf6 2. Nc3 e6 3. g3 d5 4. Bg2 d4 5. Ne4 Nxe4 6. Bxe4 f5 7. Bg2 e5 8. d3 Nc6 9. a3 Be7 10. b4 Bf6 11. Rb1 0-0 12. b5 Ne7 13. Nf3 e4 14. Ng1 Ng6 15. dxe4 fxe4 16. Bxe4 Re8 17. Qc2 Qe7 18. f3 Qc5 19. Bd3 Ne5 20. Bxh7+ Kh8 21. Be4 Be6 22. Kf1 Nxc4 23. Kg2 Bd5 24. Bd3 Ne3+ 25. Bxe3 Qxc2 26. Bxc2 Rxe3 27. Bd3 c5 28. bxc6 bxc6 29. Kf2 c5 30. Rb5 c4 31. Bf5 Bf7 32. Be4 Rc8 33. Nh3 Rxa3 34. Rhb1 Rb3 35. Rb7 Kg8 36. Nf4 a5 37. Ra1 Rxb7 38. Bxb7 Rc5 39. Be4 g5 40. Ng2 d3 41. Ra4 d2 42. Bc2 Rb5 43. e3 Rb2 44. Bd1 Rb1 45. Ke2 c3 46. Bc2 Rc1 47. Kd3 d1Q+ 48. Bxd1 Rxd1+ 0-1